|
|
|
|
| LEADER |
01051pam a22003378a 4500 |
| 001 |
00034895 |
| 005 |
20171026081023.0 |
| 008 |
161103s2013 ||||||viesd |
| 020 |
|
|
|c 98000
|
| 041 |
0 |
# |
|a vie
|
| 082 |
1 |
4 |
|a 907
|b B103T
|
| 100 |
1 |
# |
|a Mai, Sĩ Quế
|
| 245 |
0 |
0 |
|a Bài tập lịch sử 12
|c Mai Sĩ Quế, Nguyễn Mai Anh, Vũ Ánh Tuyết
|
| 250 |
# |
# |
|a Tái bản lần thứ năm
|b Có chỉnh lí, bổ sung
|
| 260 |
# |
# |
|a Hà Nội
|b Giáo dục
|c 2013
|
| 300 |
# |
# |
|a 148 tr.
|c 24 cm.
|
| 650 |
# |
4 |
|a Lịch sử
|
| 650 |
# |
4 |
|a Lớp 12
|
| 653 |
# |
# |
|a Bài tập
|
| 700 |
1 |
# |
|a Nguyễn, Mai Anh
|
| 700 |
1 |
# |
|a Vũ, Ánh Tuyết
|
| 852 |
# |
# |
|b Kho giáo trình
|j KGT.0051566, KGT.0051567
|
| 852 |
# |
# |
|b Kho mượn
|j KGT.0051566
|
| 852 |
# |
# |
|b Kho đọc
|j KD.0018763
|
| 852 |
# |
# |
|j KGT.0051567
|j KD.0018763
|j KGT.0051566
|
| 910 |
|
|
|d 03/11/2016
|
| 980 |
# |
# |
|a Trung tâm Học liệu Lê Vũ Hùng, Trường Đại học Đồng Tháp
|